| 000 | 01663nam0a2200337 4500 | ||
|---|---|---|---|
| 001 | RU\NLR\bibl\66420 | ||
| 005 | 20250616093443.0 | ||
| 010 |
_a5-7645-0132-6 _9220 |
||
| 021 |
_aRU _b1999-43160 _92121 |
||
| 035 | _a(NLR Aleph) 000064795 | ||
| 090 |
_a354742 _c354742 |
||
| 100 | _a20000114d1999 |||y0rusy50 ca | ||
| 101 | 0 | _arus | |
| 102 | _aRU | ||
| 105 | _ay ||||||||| | ||
| 200 | 1 |
_aВыявление злокачественных новообразований визуальных локализаций на фельдшерско-акушерских пунктах _eМетод. рекомендации _fР.Ш. Хасанов, К.Т. Шакиров, А.В. Дубровский и др. _gМ-во здравоохранения Респ. Татарстан, Клинич. онкол. центр МЗ РТ, Обществ. противораковый фонд РТ |
|
| 210 |
_aКазань _cМедицина _d1999 |
||
| 215 |
_a27,[2] с. _d20 |
||
| 320 | _aБиблиогр. в конце кн. (4 назв.) | ||
| 606 | 0 |
_aЗлокачественные опухоли _jМетодические пособия _xДиагностика _91134569 _3RU\NLR\auth\66450931 |
|
| 686 | _aР562,4-4я8 | ||
| 701 | 1 |
_aХасанов _bР. Ш. _gРустем Шамильевич _4070 |
|
| 701 | 1 |
_aШакиров _bК. Т. _gКамиль Тавхитович _4070 |
|
| 701 | 1 |
_aДубровский _bА. В. _gАлександр Владимирович _4070 |
|
| 801 | 0 |
_aRU _bNLR _c20000114 _gPSBO |
|
| 801 | 1 |
_aRU _bNLR _c20000114 |
|
| 830 | _aАвт. по кн. | ||
| 852 |
_aNLR _j99-4/8753 |
||
| 942 | _cBOOK | ||
| 980 | _aNB | ||